Po desaťročiach máme vynovenú železničnú stanicu

Bibliographic Details
Main Author: Repčiak, Tomáš, 1972- (Author, Photographer)
Format: Article
Language:Slovak
PhysicalDescription:Fotografie
ISSN:1339-049X
Subjects:

MARC

LEADER 00000nab a2200000 4500
001 vtls012157803
003 SK-MaSNL
005 20260303101459.0
008 221228|2019 xo |||||||| ||00 |slo
040 |a SNSK  |b slo  |e rda 
041 0 |a slo 
043 |a e-xo--- 
044 |a xo  |c SK 
072 7 |a 656.2  |x Železničná doprava  |2 konspekt 
072 7 |a 69  |x Stavebníctvo  |2 konspekt 
080 |a 725.31  |2 2011 
080 |a 656.21  |2 2011 
080 |a 005.418:623.687  |2 2011 
100 1 |a Repčiak, Tomáš,  |d 1972-  |4 aut  |4 pht  |9 103262 
245 1 0 |a Po desaťročiach máme vynovenú železničnú stanicu  |c Tomáš Repčiak 
300 |b Fotografie 
336 |a text  |b txt  |2 rdacontent 
337 |a bez média  |b n  |2 rdamedia 
338 |a zväzok  |b nc  |2 rdacarrier 
650 0 7 |a železničné stanice  |2 SNKPH  |9 30261 
650 0 7 |a rekonštrukcie  |2 SNKPH  |9 24616 
651 7 |a Spišská Nová Ves (Slovensko)  |2 SNKPHgeo  |9 28800 
655 7 |a správy  |2 SNKHP  |9 70563 
773 0 |t Ičko. Informátor : kultúrno-spoločenský mesačník mesta Spišská Nová Ves  |g Roč. 29., č. 10 (2019), s. 4  |x 1339-049X 
958 |a RG 
999 |c 1838721  |d 1840651